50 Villes Les Plus Peuplées En 2075 Sur Une Carte - Statistiques

Statistiques générales
  • Ce quiz a été pris 324 fois
    322 depuis la dernière actualisation
  • Le résultat moyen est 27 sur 50
Réponses sur la Carte
Les réponses sont colorées sur une échelle allant du rouge au vert en fonction du pourcentage des utilisateurs qui les ont devinées à leur premier essai. Vous pouvez retrouver ces pourcentages ci-dessous.
 
Statistiques - réponses
Population Ville % Correct
27,920,000 New York City
97%
24,180,000 Mexico
95%
18,510,000 Los Angeles
94%
28,920,000 Tokyo
94%
33,000,000 Le Caire
92%
16,560,000 Rio de Janeiro
90%
14,680,000 Istanbul
88%
15,780,000 Pékin
88%
16,400,000 Buenos Aires
87%
49,340,000 New Delhi
85%
21,280,000 Sao Paulo
84%
13,440,000 Chicago
79%
21,050,000 Shanghai
78%
17,550,000 Jakarta
75%
57,860,000 Mumbai
73%
58,420,000 Kinshasa
72%
46,220,000 Dacca
71%
57,200,000 Lagos
69%
32,750,000 Manille
69%
14,560,000 Dakar
67%
24,390,000 Bagdad
66%
13,540,000 Bamako
57%
28,420,000 Nairobi
56%
15,520,000 Abidjan
52%
30,680,000 Khartoum
52%
32,670,000 Kaboul
51%
23,810,000 Addis-Abeba
50%
45,090,000 Kolkata
49%
19,650,000 Luanda
49%
43,370,000 Karachi
46%
16,690,000 Sanaa
46%
37,490,000 Dar es Salaam
39%
15,940,000 Mogadiscio
39%
20,370,000 Niamey
38%
14,220,000 Ho Chi Minh City
37%
14,480,000 Ndjamena
35%
21,310,000 Bangalore
34%
20,230,000 Kampala
30%
23,880,000 Lahore
29%
14,520,000 Lusaka
29%
22,210,000 Chennai
24%
15,320,000 Lilongwe
22%
19,940,000 Hyderabad
21%
17,690,000 Kano
19%
12,840,000 Guangzhou
13%
14,910,000 Pune
13%
16,930,000 Ahmedabad
12%
16,040,000 Chittagong
12%
14,810,000 Ibadan
9%
15,060,000 Blantyre
4%
Aucun quiz correspondant
Distribution des résultats
% des personnes avec chaque résultat
Percentile par nombre de réponses
Votre historique - résultats
Vous n’avez pas pris ce quiz depuis la dernière actualisation